Διεθνές Εμπόριο (Record no. 3779)
[ view plain ]
| 000 -LEADER | |
|---|---|
| fixed length control field | 01360cam a22001814a 4500 |
| 005 - ΗΜΕΡΟΜΗΝΙΑ ΚΑΙ ΩΡΑ ΤΕΛΕΥΤΑΙΑΣ ΕΝΗΜΕΡΩΣΗΣ | |
| Πεδίο ελέγχου | 20250605164125.0 |
| 008 - FIXED-LENGTH DATA ELEMENTS--GENERAL INFORMATION | |
| Πεδίο ελέγχου σταθερού μήκους | 250528s ||||||||||||||||||||||||d |
| 035 ## - SYSTEM CONTROL NUMBER | |
| System control number | 18418 |
| 040 ## - ΠΗΓΗ ΚΑΤΑΛΟΓΟΓΡΑΦΗΣΗΣ | |
| Φορέας πρωτότυπης καταλογογράφησης | MC Athens Campus Library |
| Γλώσσα καταλογογράφησης | Ελληνικά, Μοντέρνα (1453-) |
| Modifying agency | MC Athens Campus Library |
| Κανόνες περιγραφικής καταλογογράφησης | AACR2 |
| 245 1# - ΤΙΤΛΟΣ ΚΑΙ ΔΗΛΩΣΗ ΥΠΕΥΘΥΝΟΤΗΤΑΣ | |
| Τίτλος | Διεθνές Εμπόριο |
| 260 ## - PUBLICATION, DISTRIBUTION, ETC. | |
| Name of publisher, distributor, etc. | Σύγχρονη Εκδοτική, |
| Date of publication, distribution, etc. | 1991 |
| 300 ## - PHYSICAL DESCRIPTION | |
| Extent | 224 |
| 520 ## - SUMMARY, ETC. | |
| Summary, etc. | Εισαγωγή, Οι Διεθνείς Οικονομικές Σχέσεις: εΙΣΑΓΩΓΉ, Η Καθαρή Θεωρία του Διεθνούς Εμπορίου: Η Προσφορά, Η Καθαρή Θεωρία του Διεθνούς Εμπορίου: Η Ζήτηση, Ο Προσδιορισμός του Εθνικού Εισοδήματος σε μια Ανοικτή Οικονομία, Η Αγορά Συναλλάγματος, Το Ισοζύγιο Πληρωμών, Η Θεωρία των Δασμών, Η Θεωρία των Τελενειακών Ενώσεων, Οι Δυναμικοί Παράγοντες που Επηρεάζουν το Διεθνές Εμπόριο, Διεθνείς, Οι Μακροχρόνιες Κινήσεις Κεφαλαίων των Βραχυχρόνιων Διεθνών Κινήσεων Κεφαλαίων, Βιβλιογραφία. |
| 700 1# - ΠΡΟΣΘΕΤΗ ΑΝΑΓΡΑΦΗ--ΦΥΣΙΚΟ ΠΡΟΣΩΠΟ | |
| Personal name | Μορφοβασίλης Δημήτρης Στ |
| 9 (RLIN) | 4689 |
| 942 ## - ADDED ENTRY ELEMENTS (KOHA) | |
| Koha item type | Books |
| Τύπος τεκμηρίου | Βιβλιοθήκη | Τρέχουσα τοποθεσία | Barcode | Αριθμός εισαγωγής | Ημερομηνία απόκτησης | Ταξιθετικό σύμβολο | Αριθμός αντιτύπου | Κατάσταση απόσυρσης | Κατάσταση χαμένου | Κατάσταση κατεστραμμένου | Μη δανεισμός | Σύνολο δανεισμών | Ημερομηνία τελευταίας εμφάνισης | Η τιμή ισχύει από |
|---|---|---|---|---|---|---|---|---|---|---|---|---|---|---|
| Books | MC Athens Campus Library | MC Athens Campus Library | 9780000037787 | 3096 | 05/06/2025 | 382.1 MOR | 2 | 05/06/2025 | 05/06/2025 |